| 000 | 01000nam a2200265Ia 4500 | ||
|---|---|---|---|
| 005 | 20240530104155.0 | ||
| 008 | 140319s1956 xx 000 0 ara d | ||
| 040 |
_aGCL / _cGCL |
||
| 082 | 0 | 4 |
_a523.7 / _bج ش |
| 100 | 1 | _aجامو، جورج | |
| 245 | 1 | 0 |
_aالشمس : قصتها من البداية الى النهاية / _cتاليف جامو، جورج ؛ مترجم احمد حماد ؛ مراجع عبدالحميد سماحة |
| 260 |
_aالقاهرة : _bدار نهضة مصر للطبع والنشر ، _c1956 |
||
| 300 |
_a259 ص؛ _c24 سم |
||
| 490 |
_aالالف كتاب _v( 86 ) |
||
| 650 | 0 | 4 | _aالنجوم |
| 650 | 0 | 4 | _aالفلك الوصفى |
| 650 | 0 | 4 | _aالطاقة الشمسية |
| 650 | 0 | 4 | _aالكواكب |
| 650 | 0 | 4 | _aالشمس |
| 650 | 0 | 4 | _aالمجموعة الشمسية |
| 700 | 1 |
_aاحمد حماد _eمترجم |
|
| 700 | 1 |
_aعبدالحميد سماحة _eمراجع |
|
| 942 |
_2ddc _cBK |
||
| 999 |
_c45222 _d45222 |
||